K niektorým problémom výuky odborných predmetov v cudzom jazyku

Guardado en:
Detalles Bibliográficos
Autor principal: Přívarová, Magdaléna, 1955-
Formato: Capítulo de libro
Lenguaje:eslovaco
Etiquetas: Agregar Etiqueta
Sin Etiquetas, Sea el primero en etiquetar este registro!

MARC

LEADER 00000naa$a2200000$$$4500
001 0124082
005 20240502072412.2
041 0 |a slo 
044 |a SK 
245 1 0 |a K niektorým problémom výuky odborných predmetov v cudzom jazyku  |c Magdaléna Přívarová 
100 1 |a Přívarová, Magdaléna, 1955-